000 00462nam a2200181Ia 4500
001 18653
005 20260306171646.0
008 260306s9999||||xx |||||||||||||| ||und||
041 _aESP
082 _a658.4093
_bP46
100 _aPérez Ortega, Andrés
_eAUT
245 0 _aMarca personal:
_bcómo convertirse en la opción preferente
260 _c2014
300 _a374 páginas :
_c21 cm.
650 _aGEN
654 _aCAN
942 _cLIB
_dJUS
_fJUS
_2ddc
_n
999 _c18653
_d18653